• 首页
  • 本馆介绍
  • 公告通知
  • 最新文献
  • 馆藏检索
  • 电子资源
  • 读者导购
  • 参考咨询
  • 我的图书馆
  • 登录
  • 详细信息显示
  • 放入我的书架
  • 预约/预借图书
  • 作者相关作品
  • 分类相关作品
  • 丛书相关作品
  • 出版社相关作品

书目信息

  • 表格格式
  • 工作单格式
  • 卡片格式
题名:
西藏地层
    
 
作者: ;中国科学院青藏高原综合科学考察队 编
分册:  
出版信息: 北京   科学出版社  1984
页数: 405页
开本: 25cm
丛书名:
单 册:
中图分类: P535.275
科图分类:
主题词: 地层--西藏
电子资源:
ISBN:
000 00687nam0 2200229 45
001 0184009449
005 20061122111857.28
010    @b精装@dCNY5.20
091    @aCN@b13031.2590
100    @a19950311d1984 emky0chiy0121 ea
101 0  @achi
102    @aCN@b110000
105    @ay z 000yy
200 10 @a西藏地层@Axi zang di ceng@f中国科学院青藏高原综合科学考察队编
210    @a北京@c科学出版社@d1984
215    @a405页@d25cm
606    @a地层@y西藏
690    @aP535.275@v3
711 02 @a中国科学院青藏高原综合科学考察队@Azhong guo ke xue yuan qing zang gao yuan zong he ke xue kao cha dui@4编
801  2 @aCN@bNLC@c20061122
801  0 @aCN@bTSSF
905    @a10447@dP535.275@e29
    
    西藏地层/中国科学院青藏高原综合科学考察队编.-北京:科学出版社,1984
    405页;25cm
    
    
    ISBN (精装):CNY5.20
    
●
相关链接 在E读中查询图书 在五车中查询图书 在当当中查询图书 在豆瓣中查询图书


正题名:西藏地层     索取号:P535.275/29         预约/预借

序号 登录号 条形码 馆藏地/架位号 状态 备注
1 0135570   000073636   第二样本阅览室/ [索取号:P535.275/29] 在馆    
唐山师范学院图书馆 欢迎您!
大连网信软件有限公司© 版权所有